Music Quiz

Random Music or Lyrics Quiz

Twenty One Pilots - Guns for Hands Lyrics Quiz Stats

 Plays Quiz not verified by Sporcle

Score 0/244 Timer 08:00
0 Plays Today
Lyrics Lyrics % Correct
I
99.4%
I
99.4%
I
99.4%
I
99.4%
I
99.4%
I
99.4%
I
99.4%
I
99.4%
I
99.4%
the
99.4%
the
99.4%
the
99.4%
And
99.4%
And
99.4%
And
99.4%
the
99.4%
And
99.4%
a
99.4%
a
99.4%
the
99.4%
the
99.4%
and
99.4%
[Chorus]
99.4%
(la da da da da) [4x]
99.4%
the
99.4%
(hey) [18x]
99.4%
The
99.4%
a
99.4%
the
99.4%
and
99.4%
a
99.4%
(Chorus) [x2]
99.4%
you,
98.5%
you
98.4%
you
98.4%
you
98.4%
you
98.4%
you
98.4%
you
98.4%
you
98.4%
guns,
98.4%
Guns
98.4%
guns,
98.4%
guns
98.4%
have
98%
have
98%
have
98%
have
98%
to
97.4%
To
97.4%
to
97.4%
to
97.4%
to
97.4%
to
97.4%
to
97.4%
to
97.4%
to
97.4%
When
97%
when
97%
when
97%
all
96.8%
all
96.8%
all
96.8%
all
96.8%
hands,
96.7%
hands,
96.7%
hands
96.7%
on
96.1%
on,
96.1%
for
95.9%
for
95.9%
for
95.9%
know
95.2%
know,
95.2%
know
95.2%
know.
95.2%
It
95.2%
it
95.2%
it,
95.2%
it,
95.2%
it,
95.2%
it,
95.2%
Lyrics Lyrics % Correct
it.
95.2%
it
95.2%
in
95%
in
95%
in
95%
what
94.7%
what
94.7%
what
94.7%
never
94.5%
never
94.5%
never
94.5%
That
93.9%
that
93.9%
That
93.9%
safety
93.6%
put
93.6%
But
93.6%
but
93.6%
But
93.6%
But
93.6%
morning,
93.5%
sun
93.5%
sun
93.5%
your
93.3%
your
93.3%
take
93.1%
take
93.1%
take
93.1%
take
93.1%
take
93.1%
take
93.1%
take
93.1%
I'm
92.2%
I'm
92.2%
I'm
92.2%
I'm
92.2%
can't,
92%
can't
92%
sleep,
92%
sleep,
92%
trying,
91.7%
trying
91.7%
trying,
91.7%
trying
91.7%
go,
91.5%
go
91.5%
will
91.4%
think
91.4%
parents,
91.3%
where
91.1%
where
91.1%
ground,
90.9%
happen
90.8%
again,
90.7%
done,
90.6%
shines
90.5%
mind
89.9%
gone,
89.5%
has
89.2%
shows
89.1%
shows
89.1%
means,
88.7%
swear
88.5%
So
86.2%
this
83.8%
this
83.8%
this
83.8%
this,
83.8%
this
83.8%
yeah
83.4%
Let's
82.1%
Let's
82.1%
let's
82.1%
Let's
82.1%
plans,
81.9%
at
81%
at
81%
at
81%
Don't
80.9%
don't
80.9%
out
80.6%
one
79.8%
Lyrics Lyrics % Correct
one
79.8%
time,
79.5%
second
78%
window,
77%
outside
76.7%
we'll
76.5%
beat,
76.4%
Together,
76.2%
Together,
76.2%
join
76%
rhyme,
75.9%
that's
75.7%
understand.
75.7%
breathe,
75.6%
turn
75.3%
song,
74.6%
there's
73.5%
hope
73.3%
my
72.3%
my
72.3%
my
72.3%
my
72.3%
my
72.3%
my
72.3%
of
71.1%
of
71.1%
of
71.1%
you'll
70%
fist.
69.5%
then
66.3%
disorder,
63.6%
kids,
62.4%
sets,
62.3%
until
62.1%
our
62%
our
62%
must
61.6%
is,
61%
head,
60.6%
them
60.3%
them
60.3%
see
60.2%
fingers
58.8%
they
58.3%
room
57.7%
mutant
57.7%
upsets
57.6%
these
57.4%
'Cause
57.4%
their
57.1%
whole
56.2%
shoot
55.5%
solution
55.1%
putting
53.2%
forewarn
52.8%
tell
52.8%
ammunition,
51.1%
should
50.3%
interest,
50.1%
simply
50%
Simply
50%
best
49%
condition,
47.1%
what's
46.6%
Obviously
46%
wrist,
45.8%
thumbs
45.7%
it's,
45.2%
Fused
45.2%
left
44.2%
trade
43.2%
chest
43%
turned
42.1%
suggest
41.5%
Interested
41.4%
music,
40.7%
invested
40.5%
or
40%
confused
38.2%
We've
34.9%

You're not logged in!

Compare scores with friends on all Sporcle quizzes.
OR
Log In

Show Comments

Extras

Created Feb 18, 2014ReportNominate
Tags:Lyrics Quiz

Top Quizzes Today


Score Distribution

Your Account Isn't Verified!

In order to create a playlist on Sporcle, you need to verify the email address you used during registration. Go to your Sporcle Settings to finish the process.

Report this User

Report this user for behavior that violates our Community Guidelines.

Details: